Волф Месинг - Пророкът (Запис номер 78494)
[ съкратено ]
| 000 -Лидер | |
|---|---|
| Контролно поле с фиксирана дължина | 01729nam a2200361 c 4500 |
| 003 - Код на организацията, давaща контролен номер | |
| Контролно поле | BLK |
| 005 - Дата и час на последна редакция | |
| Контролно поле | 20220611140656.0 |
| 008 - Елементи от данни с фиксирана дължина | |
| fixed length control field | 180408b bul|||||r ||||||| ||bul|| |
| 010 ## - Наследен системен номер | |
| LC control number | KNG00082960000 |
| 020 ## - Международен стандартен номер на книга ISBN | |
| Международен стандартен номер на книга ISBN | 978-954-8477-26-0 |
| -- | издат.: НСМ - Медиа |
| 040 ## - Източник на каталожния запис | |
| Идентификатор на билиотеката - собственик на записа | BLK |
| 041 ## - Код за език | |
| Код за езика на текст/звукозапис или на отделно заглавие | Български |
| Код за езика КДБФ | Български |
| 080 ## - УДК | |
| Текстов определител УДК | Руска литература |
| УДК код - определител по УДК | 821.161.1 |
| УДК определител | -312.6 |
| УДК - код + определител | 821.161.1-312.6 |
| 080 ## - УДК | |
| Текстов определител УДК | Особени духовни състояния и процеси. Медитация |
| УДК код - определител по УДК | 159.96 |
| УДК определител | (092)(0:82-31) |
| УДК - код + определител | 159.96(092)(0:82-31) |
| 080 ## - УДК | |
| Текстов определител УДК | |
| УДК код - определител по УДК | 929 Месинг, Волф Григориевич |
| УДК определител | |
| УДК - код + определител | 929 Месинг, Волф Григориевич |
| 100 1# - Редна дума - Автор | |
| Автор | Володарски, Едуард Яковлевич |
| Авторска отговорност | първи автор |
| R(LIN) | 49203 |
| 139 ## - Редно поле | |
| Редна дума | Володарски, Едуард Яковлевич |
| Авторски знак | Воли - В 82 |
| 245 10 - Сведения за заглавието | |
| Заглавие | Волф Месинг - Пророкът |
| Подзаглавни данни | Док. роман |
| Редно поле (дума) | Едуард Яковлевич Володарски; прев. от рус. Любомир Чолаков. |
| 257 ## - Страна на издаване | |
| Страна на създаване/издаване | Русия |
| 260 ## - Област на издателските данни | |
| -- | София |
| Име на издателя, разпространителя и проч. | НСМ - Медиа |
| Година на издаване | 2008 |
| Печатница | София : Експреспринт |
| 300 ## - Физическа характеристика | |
| Страници | 358 с. |
| Размери/Мащаб | 20 см |
| 380 ## - Жанр | |
| Жанр | Худож. лит. |
| 500 ## - Общи забележки | |
| Забележка | Ориг. загл. Вольф Мессинг. Видевший сквозь время / Эдуард Володарский. - Офс. изд. |
| 600 14 - Име на лице, използвано като предмет | |
| За него / За нея | Месинг, Волф Григориевич |
| 9 (RLIN) | 298756 |
| 653 ## - Ключова дума – ненормативна | |
| Ключова дума | романизувани биографии |
| 653 ## - Ключова дума – ненормативна | |
| Ключова дума | Волф Месинг |
| 700 1# - Други автори (авторска отговорност) | |
| Лично име | Чолаков, Любомир |
| Автороска отговорност (Описва отношението между автора и произведението) | прев. от рус. |
| 9 (RLIN) | 366573 |
| 852 ## - Местоположение | |
| Форматна сигнатура | Цб 239441 |
| 856 4# - Електронен адрес и достъп | |
| Електронен формат | pdf - файл |
| Път до файла /url/ | |
| 856 4# - Електронен адрес и достъп | |
| Електронен формат | pdf - файл |
| Път до файла /url/ | |
| 942 ## - АРТИКУЛИ | |
| Вид на библиотечния материал | Книги |
| Скрит в OPAC | Не |
| Koha issues (borrowed), all copies | 9 |
| 944 ## - СЪЗДАВАНЕ И РЕДАКЦИЯ на ЗАПИСА | |
| Създаване/Редакция | Създаване |
| Дата на регистрацията/редакция | 07.04.2008 |
| Служител, извършил регистрацията/редакцията | Валя_Йорданова |
| 944 ## - СЪЗДАВАНЕ И РЕДАКЦИЯ на ЗАПИСА | |
| Създаване/Редакция | Редакция |
| Дата на регистрацията/редакция | 12.10.2009 |
| Служител, извършил регистрацията/редакцията | |
| 999 ## - СИСТЕМНИ КОНТРОЛНИ НОМЕРА | |
| Koha biblionumber | 78494 |
| Koha biblioitemnumber | 78494 |
| Код за отписване | Код за изгубен артикул | Източник на класификационната схема | Код за повреда | Коз за рестрикции | Код за отдаване | Артикулен № | Име на библиотеката - собственик | Име на библиотеката, в която се намира в момента | Статус (Текущо местоположение) | Дата на вписване в системата | Местоположение - отдел | Цена в лева | Инвентарен номер | Систематично азбучна сигнатура | Баркод | Номер на екземпляра | Цена в евро | Служебна бележка | Служебен тип на артикула |
|---|---|---|---|---|---|---|---|---|---|---|---|---|---|---|---|---|---|---|---|
| Изтеглен | Не е изгубен | Universal Decimal Classification | Не е повреден | без рестрикции | заемане за дома | 126930 | Регионална библиотека "Любен Каравелов" Русе | Регионална библиотека "Любен Каравелов" Русе | Заемна - подръчен фонд | 2008-04-07 | Заемна - подръчен фонд | 12.00 | 120000725252 | П 882-31/В 82 | 120000725252 | 1 | 6.14 | Дост: Pk Вид: Ф N: 2101 Дата: 03.04.2008 | Книги |
| Изтеглен | Не е изгубен | Не е повреден | без рестрикции | заемане за дома | 126931 | Регионална библиотека "Любен Каравелов" Русе | Регионална библиотека "Любен Каравелов" Русе | Заемна - подръчен фонд | 2008-04-09 | Заемна - подръчен фонд | 12.00 | 120000725340 | П 882-31/В 82 | 120000725340 | 2 | 6.14 | Дост: Pk Вид: Ф N: 179 Дата: 04.04.2008 Дата инв: 12.03.2018 Бележки инв: П2018 | Книги | |
| Не е изгубен | Не е повреден | без рестрикции | ползва се в читалня | 126932 | Регионална библиотека "Любен Каравелов" Русе | Регионална библиотека "Любен Каравелов" Русе | Хранилище | 2009-10-12 | Хранилище | 12.00 | 120000738943 | Цб 239441 | 120000738943 | 3 | 6.14 | Дост: Dp Вид: Д N: 17 Дата: 15.04.2009 | Книги |